FUNDAMENTALS OF INVESTING / (Record no. 33597)

000 -LEADER
fixed length control field 00444nam a22001817a 4500
003 - CONTROL NUMBER IDENTIFIER
control field NUST
020 ## - INTERNATIONAL STANDARD BOOK NUMBER
International Standard Book Number 978-81-317-66200
038 ## - RECORD CONTENT LICENSOR
Staff Name khadija
082 ## - DEWEY DECIMAL CLASSIFICATION NUMBER
Classification number 332.678
Author Mark GIT
100 ## - MAIN ENTRY--PERSONAL NAME
Personal name GITMAN,LAWRENCE J.
9 (RLIN) 9985
245 ## - TITLE STATEMENT
Title FUNDAMENTALS OF INVESTING /
Statement of responsibility, etc. Lawrence J.Gitman
250 ## - EDITION STATEMENT
Edition statement 6th ed.
260 ## - PUBLICATION, DISTRIBUTION, ETC.
Place of publication, distribution, etc. New Delhi :
Name of publisher, distributor, etc. Pearson ,
Date of publication, distribution, etc. 1996
300 ## - PHYSICAL DESCRIPTION
Extent 650 p. ;
Other physical details 25 cm.
500 ## - GENERAL NOTE
General note Paperback.
563 ## - BINDING INFORMATION
Binding note paperback
942 ## - ADDED ENTRY ELEMENTS (KOHA)
Koha item type Book
Source of classification or shelving scheme
Holdings
Withdrawn status Lost status Source of classification or shelving scheme Damaged status Not for loan Permanent Location Current Location Shelving location Date acquired Full call number Barcode Date last seen Price effective from Koha item type Public note Collection code Total Checkouts
          Central Library (CL) Central Library (CL) General Stacks 08/02/2018 332.678 GIT 1996 NBSD-3001 08/02/2018 08/02/2018 Book      
          School of Mechanical & Manufacturing Engineering (SMME) School of Mechanical & Manufacturing Engineering (SMME) General Stacks 05/09/2016 332.678 GIT SMME-2687 02/23/2017 05/09/2016 Book Rack,49-Shelf,2    
© 2023 Central Library, National University of Sciences and Technology. All Rights Reserved.